A Book For The Swadeshi (Record no. 1211452)

MARC details
000 -LEADER
fixed length control field 00485nam a2200193Ia 4500
008 - FIXED-LENGTH DATA ELEMENTS--GENERAL INFORMATION
fixed length control field 151121s9999||||xx |||||||||||||| ||und||
082 ## - DEWEY DECIMAL CLASSIFICATION NUMBER
Classification number 320/GHO
082 ## - DEWEY DECIMAL CLASSIFICATION NUMBER
Item number HNW-2602
100 ## - MAIN ENTRY--PERSONAL NAME
Personal name Ghosh J। C।
245 #2 - TITLE STATEMENT
Title A Book For The Swadeshi
260 ## - PUBLICATION, DISTRIBUTION, ETC. (IMPRINT)
Name of publisher, distributor, etc "Jagadish Chandra Ghosh, Dacca"
260 ## - PUBLICATION, DISTRIBUTION, ETC. (IMPRINT)
Date of publication, distribution, etc --
300 ## - PHYSICAL DESCRIPTION
Extent 304
600 ## - SUBJECT ADDED ENTRY--PERSONAL NAME
Personal name Ghosh J। C।
630 ## - SUBJECT ADDED ENTRY--UNIFORM TITLE
Uniform title A Book For The Swadeshi
700 ## - ADDED ENTRY--PERSONAL NAME
Personal name Ghosh J। C।
730 ## - ADDED ENTRY--UNIFORM TITLE
Uniform title A Book For The Swadeshi
942 ## - ADDED ENTRY ELEMENTS (KOHA)
Koha item type Book
Holdings
Withdrawn status Lost status Damaged status Not for loan Home library Current library Date acquired Total Checkouts Full call number Barcode Date last seen Price effective from Koha item type
        Hirachand Nemchand Wachanalaya, Solapur Hirachand Nemchand Wachanalaya, Solapur 11/21/2015   HNW-2602 HNW-2602 11/21/2015 11/21/2015 Book